Zambia public expenditure management and financial accountability review.

Bibliographic Details
Corporate Author: ProQuest (Firm)
Format: Electronic eBook
Language:English
Published: Washington, D.C. : World Bank, c2004.
Series:World Bank country study.
Subjects:
Online Access:Click to View
LEADER 01366nam a2200361Ia 4500
001 EBC3050739
003 MiAaPQ
005 20200520144314.0
006 m o d |
007 cr cn|||||||||
008 040625s2004 dcua sb i000 0 eng d
010 |z  2004053250 
020 |z 082135924X 
035 |a (MiAaPQ)EBC3050739 
035 |a (Au-PeEL)EBL3050739 
035 |a (CaPaEBR)ebr10067177 
035 |a (CaONFJC)MIL8513 
035 |a (OCoLC)56910676 
040 |a MiAaPQ  |c MiAaPQ  |d MiAaPQ 
050 4 |a HJ7931.5  |b .Z36 2004 
245 0 0 |a Zambia  |h [electronic resource] :  |b public expenditure management and financial accountability review. 
260 |a Washington, D.C. :  |b World Bank,  |c c2004. 
300 |a xxii, 180 p. :  |b ill. 
490 1 |a A World Bank country study 
504 |a Includes bibliographical references (p. 179-180). 
533 |a Electronic reproduction. Ann Arbor, MI : ProQuest, 2015. Available via World Wide Web. Access may be limited to ProQuest affiliated libraries. 
650 0 |a Finance, Public  |z Zambia  |x Accounting. 
650 0 |a Government spending policy  |z Zambia. 
651 0 |a Zambia  |x Appropriations and expenditures. 
655 4 |a Electronic books. 
710 2 |a ProQuest (Firm) 
830 0 |a World Bank country study. 
856 4 0 |u https://ebookcentral.proquest.com/lib/matrademy/detail.action?docID=3050739  |z Click to View